000 00522nam a2200181 i 4500
001 52656
003 ES-MaACL
005 20250723061831.0
007 t|
008 030902s1948 it ||||1| ita d
100 1 _aDe Francisci, Pietro.
_952185
245 1 0 _aSintesi storica del diritto romano /
_cPietro de Francisci.
260 _aRoma :
_bAteneo,
_c[1948]
300 _aXII, 568 p. ;
_c26 cm.
650 0 7 _aDerecho romano
_2embne
_911764
852 _aES-MaACL
_jD-6807
_bR.31838
999 _c52656
_d52656